NBA teams with no E in the name NO city - Statistics

General Stats
  • This quiz has been taken 47 times
    35 since last reset
  • The average score is 11 of 13
Answer Stats
Hint Answer % Correct
b Bulls
94%
S Suns
94%
b Bucks
88%
j Jazz
88%
w Wizards
88%
K Kings
82%
r Raptors
82%
h Hawks
76%
k Knicks
76%
m Magic
76%
p Pistons
76%
s Spurs
76%
w Warriors
76%
No matching quizzes found
Score Distribution
Percent of People with Each Score
Percentile by Number Answered
Your Score History
You have not taken this quiz since the last reset